00876nam a2200193 a 450000100100000000500170001000800410002704000250006808200160009311101110010924500690022026000640028930000310035350000380038404900090042295201140043195201200054599900170066500002684420200930030438.0110325s1985 dr c 000 0 spa d aDO-SdBNPbspacBNPHU axxxbSi577l2 aSimposio latinoamericano de la pequeña y mediana empresan(8 :d1985 jul. 15-18 :cSanto Domingo)95396410aVIII simposio latinoamericano de la pequeña y mediana empresa. aSanto Domingo :bSecretaría de Estado de Finanzas,c1985. a360 p. :bretrs. ;c28 cm. aIncluye notas al pie de páginas aBNPD 0010718PDaPDbPDcCTd2011-03-25iLF1l0oxxx Si577lp26844-10r2020-06-25w2020-06-25yLFPDZNo se presta 0010718PDaPDbPDcCTd2011-05-03iLF1l0oxxx Si577lp26844-20r2020-06-25te. 2w2020-06-25yLFPDZNo se presta c26336d26336